| 000 | 00551nam a22001577a 4500 | ||
|---|---|---|---|
| 008 | 120618t xxu||||| |||| 00| 0 eng d | ||
| 050 |
_aGN49.5 _b.B47 1959 |
||
| 100 | _aBernardi, B. | ||
| 245 |
_aThe Mugwe: _ba failing prophet _cB. Bernardi |
||
| 260 |
_aLondon _bInternational African Institute _c1959 |
||
| 300 |
_axi, 211 p.; _c18 cm. |
||
| 500 | _aincludes index | ||
| 650 | _aCultural heroes | ||
| 942 |
_2lcc _cBK |
||
| 999 |
_c40958 _d40958 |
||